Bazy dannych v administrativnych informacionnych sistemach

Saved in:
Bibliographic Details
Main Author: Crowe, T.
Other Authors: Avison, D.E
Format: Book
Language:Russian
Published: Moskva Finansy i statistika 1983
Tags: Add Tag
No Tags, Be the first to tag this record!

MARC

LEADER 00000nam a2200000 4500
001 c115428
005 20240911101613.7
041 0 |a rus 
044 |a RU 
245 1 0 |a Bazy dannych v administrativnych informacionnych sistemach  |c T. Crowe, D.E. Avison ; [Perevod s angl. M.S. Kazarov] 
264 1 |a Moskva  |b Finansy i statistika  |c 1983 
300 |a 165 s. 
100 1 |a Crowe, T. 
700 1 |a Avison, D.E.